000 00290nam a2200109Ia 4500
005 20260328104305.0
008 260328s9999||||xx |||||||||||||| ||und||
100 _aWright, Frank Lloyd
245 0 _aFrank Lloyd Wright (1869- 1959) /
_cFrank Lloyd Wright
650 _aARQUITECTOS
942 _cBK
999 _c10746
_d10746